| 000 | 00959nam a2200241 i 4500 | ||
|---|---|---|---|
| 001 | 158451 | ||
| 003 | ES-MaACL | ||
| 005 | 20250910202028.0 | ||
| 008 | 940202s1881 sp |||| | spa d | ||
| 040 |
_aCAM _bspa |
||
| 100 | 1 |
_aTalero, Juan. _9161603 |
|
| 245 | 1 | 0 |
_aMadrid _b: sus instituciones de enseñanza, de beneficencia y de administración, sus centros científicos y artísticos, su organización municipal / _c[Juan Talero, V. de Vera y López, José Monmeneu]. |
| 260 |
_aMadrid : _b[s.n.], _c1881 ( _fImprenta y litografía de La Guirnalda) |
||
| 300 |
_a215 p. ; _c16 cm. |
||
| 500 | _aLos nombres de los autores al pie del prólogo. | ||
| 597 | _aSignaturizado. | ||
| 597 | _aAntep. | ||
| 650 | 4 |
_aInstituciones- _zMadrid- _yS. XIX. _9136302 |
|
| 700 | 1 |
_aMonmeneu y López Reynoso, José. _9161604 |
|
| 700 | 1 |
_aVera, Vicente, _d1855-1934 _9113953 |
|
| 852 |
_aES-MaACL _jD-1633 _z.- Legado M. de La Fuente |
||
| 999 |
_c158451 _d158451 |
||